000 00829nam a22003017a 4500
003 OSt
005 20250925150501.0
007 ta
008 250925b bl ||||| |||| 00| 0 por d
020 _a9788501099839
_q(encad.)
040 _bpor
_cOSt
041 1 _apor
_heng
082 _a920
_bS425m
100 1 _aScott, Janny
_9948
210 _2Uma mulher singular
240 _aA singular woman
245 1 0 _aUma mulher singular /
260 _aRio de Janeiro :
_bRecord,
_c2012.
300 _a335 p. :
_bil. ;
_c23 cm
504 _aBibliografia: p. 333.
650 0 4 _aBiografia
650 0 4 _aFamília-Mãe e filho-Estados Unidos
650 0 4 _aPresidentes
650 0 4 _aBarack Obama-1961
700 1 _aBurns, Mila
_9949
_etradução
700 1 _aPires, Francisco Quinteiro
_9950
_etradução
942 _2ddc
_cLIV
_n0
999 _c650
_d650